OEA scheme and association members (Record no. 70257)

MARC details
000 -LEADER
fixed length control field 00934cam a2200217 4500
001 - CONTROL NUMBER
control field WB3818-23
008 - FIXED-LENGTH DATA ELEMENTS--GENERAL INFORMATION
fixed length control field 020515n2002 000 0 eng u
035 ## - SYSTEM CONTROL NUMBER
System control number (Sirsi) u117969
245 ## - TITLE STATEMENT
Title OEA scheme and association members
260 ## - PUBLICATION, DISTRIBUTION, ETC.
Date of publication, distribution, etc. 2002
490 ## - SERIES STATEMENT
Series statement Negotiator
Volume/sequential designation 17(6) 10 May 2002, 3(1)
520 ## - SUMMARY, ETC.
Summary, etc. Organisations such as the National Association for Estate Agents and RICS are being urged to make membership of the Ombudsman for Estate Agents mandatory for their own members. This follows many complaints against agents most of which were not members of the OEA. In fact only just over one third of UK estate agents are part of the scheme.
590 ## - LOCAL NOTE (RLIN)
Local note WB
650 ## - SUBJECT ADDED ENTRY--TOPICAL TERM
Topical term or geographic name entry element OMBUDSMAN FOR ESTATE AGENTS
650 ## - SUBJECT ADDED ENTRY--TOPICAL TERM
Topical term or geographic name entry element NATIONAL ASSOCIATION OF ESTATE AGENTS
650 ## - SUBJECT ADDED ENTRY--TOPICAL TERM
Topical term or geographic name entry element RICS
650 ## - SUBJECT ADDED ENTRY--TOPICAL TERM
Topical term or geographic name entry element GUILD OF PROFESSIONAL AGENTS
650 ## - SUBJECT ADDED ENTRY--TOPICAL TERM
Topical term or geographic name entry element TEAM
690 ## - LOCAL SUBJECT ADDED ENTRY--TOPICAL TERM (OCLC, RLIN)
Topical term or geographic name as entry element MANAGEMENT-BUSINESS MANAGEMENT-PROFESSIONAL PRACTICE
942 ## - ADDED ENTRY ELEMENTS (KOHA)
Suppress in OPAC 0
Holdings
Withdrawn status Lost status Source of classification or shelving scheme Damaged status Not for loan Home library Current library Shelving location Date acquired Total Checkouts Full call number Barcode Date last seen Copy number Price effective from Koha item type
    Dewey Decimal Classification     London London News article 15/05/2002   WB3818-23 117969-1001 06/08/2019 1 06/08/2019 News article